[Event "UGA olympic qual"]
[Site "Kampala"]
[Date "2022.03.12"]
[Round "5"]
[White "Egesa, Emmanuel"]
[Black "Mawanda, Michael"]
[Result "1-0"]
[WhiteElo "2123"]
[BlackElo "1864"]
[PlyCount "118"]
[EventDate "2022.03.05"]
[EventType "tourn"]
[EventRounds "13"]
[EventCountry "UGA"]
[SourceTitle "EXT 2023"]
[Source "ChessBase"]
[SourceDate "2022.10.05"]
[SourceVersion "1"]
[SourceVersionDate "2022.10.05"]
[SourceQuality "1"]

1. d4 Nf6 2. c4 e6 3. Nc3 d5 4. cxd5 exd5 5. Bg5 Be7 6. Qc2 0-0 7. e3 h6 8. Bh4 c6 9. Bd3 Re8 10. Nge2 a5 11. 0-0 Nh5 12. Bxe7 Qxe7 13. Rae1 Nd7 14. Nc1 Nhf6 15. f3 Qd6 16. Qf2 Nf8 17. e4 dxe4 18. fxe4 Qc7 19. e5 Nd5 20. Ne4 Be6 21. Nd6 Re7 22. Bb1 b6 23. Nd3 Nb4 24. a3 Nxd3 25. Bxd3 Rd8 26. Qg3 Red7 27. Rf4 Rxd6 28. exd6 Qxd6 29. Qf2 Nd7 30. Bf5 Bd5 31. Bxd7 Qxd7 32. h3 a4 33. Qe3 b5 34. Rg4 Be6 35. Re4 Qd5 36. Rc1 Qd7 37. Rc5 Qd6 38. Rh5 Qc7 39. Reh4 Kf8 40. Re5 Qd6 41. Rhe4 Re8 42. Qc3 Rd8 43. Qe3 Re8 44. Kh1 Qd7 45. Qe1 Kg8 46. Rc5 Rd8 47. Qe3 Kf8 48. Rf4 Bd5 49. Rc2 Re8 50. Qg3 Qe6 51. Rcf2 Qe1+ 52. Kh2 Qe3 53. Qg6 Qe7 54. Qh7 Qg5 55. Rg4 Qe3 56. Qxg7+ Ke7 57. Rff4 Kd7 58. Qxh6 Kc7 59. Qg7 Re7 1-0

[Event "UGA olympic qual"]
[Site "Kampala"]
[Date "2022.03.05"]
[Round "2"]
[White "Mawanda, Michael"]
[Black "Okas, Walter"]
[Result "0-1"]
[WhiteElo "1864"]
[BlackElo "2209"]
[PlyCount "102"]
[EventDate "2022.03.05"]
[EventType "tourn"]
[EventRounds "13"]
[EventCountry "UGA"]
[SourceTitle "EXT 2023"]
[Source "ChessBase"]
[SourceDate "2022.10.05"]
[SourceVersion "1"]
[SourceVersionDate "2022.10.05"]
[SourceQuality "1"]

1. Nf3 d5 2. d4 Nf6 3. c4 e6 4. g3 Be7 5. Bg2 0-0 6. 0-0 b6 7. cxd5 exd5 8. Nc3 Bb7 9. Ne5 Nbd7 10. Bg5 Nxe5 11. dxe5 Ne4 12. Nxe4 dxe4 13. Qxd8 Bxd8 14. Bd2 c5 15. Bc3 Bc7 16. Rad1 Rfe8 17. Rd7 Rac8 18. Bh3 Bc6 19. e6 f6 20. Rfd1 Bb8 21. Bg4 Rc7 22. Rd8 Kf8 23. Bh5 g6 24. Bg4 Ke7 25. Rxe8+ Bxe8 26. Bxf6+ Kxf6 27. Rd8 Bb5 28. Rxb8 h5 29. Bh3 Bxe2 30. Rf8+ Kg7 31. Rd8 Re7 32. Rd7 Kf6 33. Rd8 Bc4 34. b3 Bxe6 35. Bxe6 Rxe6 36. Kf1 Ke5 37. Ke2 Rd6 38. Ra8 a5 39. Ke3 Kd5 40. Re8 c4 41. Rxe4 cxb3 42. axb3 Re6 43. Rxe6 Kxe6 44. h3 b5 45. Kd4 a4 46. bxa4 bxa4 47. f4 Kf5 48. Kc3 h4 49. gxh4 Kxf4 50. Kb4 Kg3 51. Kxa4 Kxh4 0-1

[Event "UGA-ch op"]
[Site "Kampala"]
[Date "2022.02.17"]
[Round "1"]
[White "Mwebaza, Charity Mayanja"]
[Black "Mawanda, Michael"]
[Result "0-1"]
[WhiteElo "1450"]
[BlackElo "1883"]
[PlyCount "48"]
[EventDate "2022.02.17"]
[EventType "swiss"]
[EventRounds "8"]
[EventCountry "UGA"]
[SourceTitle "EXT 2023"]
[Source "ChessBase"]
[SourceDate "2022.10.05"]
[SourceVersion "1"]
[SourceVersionDate "2022.10.05"]
[SourceQuality "1"]

1. e4 c5 2. c4 d6 3. Nf3 Nc6 4. d4 cxd4 5. Nxd4 Nf6 6. Nc3 g6 7. Be2 Bg7 8. Be3 0-0 9. 0-0 Bd7 10. f4 a5 11. b3 Nb4 12. a3 Na6 13. e5 Ne8 14. exd6 Nxd6 15. Bg4 e6 16. Bf3 Rb8 17. Ra2 Qe7 18. Ne4 Nf5 19. Nxf5 exf5 20. Rd2 Bc6 21. Ng3 Qxe3+ 22. Kh1 Rfe8 23. Re1 Qxe1+ 24. Qxe1 Rxe1+ 0-1

[Event "Kampala Kantinti Zabasajja Memorial"]
[Site "Kampala"]
[Date "2022.02.01"]
[Round "6"]
[White "Mawanda, Michael"]
[Black "Angelo, Mach James"]
[Result "1-0"]
[WhiteElo "1883"]
[BlackElo "1859"]
[PlyCount "63"]
[EventDate "2022.01.30"]
[EventType "swiss"]
[EventRounds "8"]
[EventCountry "UGA"]
[SourceTitle "EXT 2023"]
[Source "ChessBase"]
[SourceDate "2022.10.05"]
[SourceVersion "1"]
[SourceVersionDate "2022.10.05"]
[SourceQuality "1"]

1. Nf3 d6 2. g3 e5 3. c4 e4 4. Nd4 c5 5. Nc2 Nc6 6. Bg2 Nf6 7. Nc3 Bf5 8. Ne3 Bg6 9. Ned5 Be7 10. 0-0 0-0 11. Nxf6+ Bxf6 12. Nxe4 Be7 13. d3 f5 14. Nc3 Qd7 15. Nd5 Bd8 16. a3 Rb8 17. b4 b6 18. Rb1 Kh8 19. h4 h6 20. Bb2 Kh7 21. Nf4 Bf7 22. e4 cxb4 23. axb4 g5 24. hxg5 Bxg5 25. Bh3 Be8 26. Nd5 Bg6 27. b5 Na5 28. f4 Bd8 29. Kg2 Qf7 30. g4 fxg4 31. Bxg4 Rg8 32. Kh2 1-0

[Event "Kampala Rwabushenyi Memorial"]
[Site "Kampala"]
[Date "2021.12.03"]
[Round "4"]
[White "Kamya, Daniel"]
[Black "Mawanda, Michael"]
[Result "0-1"]
[WhiteElo "1698"]
[BlackElo "1895"]
[PlyCount "72"]
[EventDate "2021.12.02"]
[EventType "swiss"]
[EventRounds "8"]
[EventCountry "UGA"]
[SourceTitle "EXT 2023"]
[Source "ChessBase"]
[SourceDate "2022.10.05"]
[SourceVersion "1"]
[SourceVersionDate "2022.10.05"]
[SourceQuality "1"]

1. e4 c5 2. Nf3 Nc6 3. Bb5 a6 4. Bxc6 bxc6 5. 0-0 d5 6. e5 Bg4 7. h3 Bxf3 8. Qxf3 e6 9. d3 Qc7 10. Qe2 Ne7 11. c3 h5 12. Bg5 Nf5 13. Nd2 Be7 14. Nf3 Bxg5 15. Nxg5 Qe7 16. Qd2 g6 17. f4 Kf8 18. Rfe1 Kg7 19. Rac1 a5 20. d4 Rhb8 21. b4 axb4 22. cxb4 c4 23. g4 hxg4 24. hxg4 Nh6 25. f5 gxf5 26. gxf5 exf5 27. e6 f6 28. Nf7 Nxf7 29. exf7 Qxf7 30. Kf2 Rh8 31. Rg1+ Kf8 32. Qf4 Rxa2+ 33. Kf1 Qe7 34. Qb8+ Qe8 35. Qd6+ Qe7 36. Qb8+ Kf7 0-1

[Event "Kampala Rwabushenyi Memorial"]
[Site "Kampala"]
[Date "2021.12.03"]
[Round "3"]
[White "Mawanda, Michael"]
[Black "Mugerwa, Ronnie"]
[Result "1/2-1/2"]
[WhiteElo "1895"]
[BlackElo "1535"]
[PlyCount "93"]
[EventDate "2021.12.02"]
[EventType "swiss"]
[EventRounds "8"]
[EventCountry "UGA"]
[SourceTitle "EXT 2023"]
[Source "ChessBase"]
[SourceDate "2022.10.05"]
[SourceVersion "1"]
[SourceVersionDate "2022.10.05"]
[SourceQuality "1"]

1. e4 c6 2. d4 d5 3. f3 g6 4. Nc3 Bg7 5. Be3 Nf6 6. e5 Nfd7 7. h4 Qb6 8. a3 Nxe5 9. Kf2 Ned7 10. h5 Nf6 11. hxg6 hxg6 12. Rxh8+ Bxh8 13. b4 Qc7 14. Bd3 Nh5 15. Nge2 e5 16. Qd2 exd4 17. Bxd4 Bxd4+ 18. Nxd4 Qg3+ 19. Kg1 Nf4 20. Qe1+ Qxe1+ 21. Rxe1+ Kf8 22. Bf1 Ne6 23. Nxe6+ Bxe6 24. Ne2 Nd7 25. Nd4 Re8 26. Bd3 Kg7 27. c4 Nf6 28. cxd5 Bxd5 29. Rxe8 Nxe8 30. Kf2 f5 31. Ke3 Kf6 32. Ne2 g5 33. Kd4 Ke6 34. Nc3 Nf6 35. a4 b6 36. Ba6 Kd6 37. Bd3 f4 38. Ne2 c5+ 39. Kc3 Nd7 40. Ng1 g4 41. Ne2 gxf3 42. gxf3 Ke5 43. Bb5 Nf8 44. Ng1 Ng6 45. Bc4 Bb7 46. Nh3 cxb4+ 47. Kxb4 1/2-1/2

[Event "Kampala Rwabushenyi Memorial"]
[Site "Kampala"]
[Date "2021.12.02"]
[Round "2"]
[White "Nansubuga, Gloria"]
[Black "Mawanda, Michael"]
[Result "0-1"]
[WhiteElo "1513"]
[BlackElo "1895"]
[PlyCount "40"]
[EventDate "2021.12.02"]
[EventType "swiss"]
[EventRounds "8"]
[EventCountry "UGA"]
[SourceTitle "EXT 2023"]
[Source "ChessBase"]
[SourceDate "2022.10.05"]
[SourceVersion "1"]
[SourceVersionDate "2022.10.05"]
[SourceQuality "1"]

1. d4 Nf6 2. c4 c5 3. e3 g6 4. Nc3 Bg7 5. Nf3 0-0 6. Bd2 d6 7. Be2 a6 8. a3 Nc6 9. d5 Nb8 10. e4 Nbd7 11. Qc1 Re8 12. Bf4 Rb8 13. Rb1 Nh5 14. Bh6 e5 15. dxe6 Rxe6 16. Bxg7 Kxg7 17. Ng5 Re5 18. Bxh5 Rxg5 19. Bf3 Ne5 20. Nd5 Nd3+ 0-1

[Event "Kampala Kantinti Memorial op"]
[Site "Kampala"]
[Date "2020.02.14"]
[Round "4"]
[White "Mawanda, Michael"]
[Black "Kalema, Rogers"]
[Result "1-0"]
[WhiteElo "1970"]
[BlackElo "1792"]
[PlyCount "71"]
[EventDate "2020.02.14"]
[EventType "swiss"]
[EventRounds "7"]
[EventCountry "UGA"]
[SourceTitle "EXT 2021"]
[Source "ChessBase"]
[SourceDate "2020.10.23"]
[SourceVersion "1"]
[SourceVersionDate "2020.10.23"]
[SourceQuality "1"]

1. Nf3 Nf6 2. g3 g6 3. c4 b6 4. Bg2 Bb7 5. Nc3 c5 6. 0-0 Bg7 7. d3 0-0 8. Bg5 Na6 9. a3 Nc7 10. Qd2 Re8 11. h4 Rb8 12. e4 d6 13. Rfe1 Ne6 14. Bxf6 Bxf6 15. Nd5 Bg7 16. Bh3 Nd4 17. Nxd4 Bxd4 18. Kg2 e6 19. Ne3 h5 20. f3 Qf6 21. Re2 Rbd8 22. Rf1 d5 23. b3 dxc4 24. Nxc4 Ba6 25. e5 Qg7 26. Qg5 Bxc4 27. dxc4 Bc3 28. Rc1 Rd3 29. a4 Rc8 30. f4 Rc7 31. Rxc3 Rd1 32. g4 Qf8 33. gxh5 Qa8+ 34. Kg3 Qh1 35. hxg6 Qg1+ 36. Bg2 1-0

[Event "Kampala Zabasajja Memorial"]
[Site "Kampala"]
[Date "2020.01.31"]
[Round "2"]
[White "Mawanda, Michael"]
[Black "Namaganda, Christine"]
[Result "0-1"]
[WhiteElo "1970"]
[BlackElo "1629"]
[PlyCount "112"]
[EventDate "2020.01.31"]
[EventType "swiss"]
[EventRounds "7"]
[EventCountry "UGA"]
[SourceTitle "EXT 2021"]
[Source "ChessBase"]
[SourceDate "2020.10.23"]
[SourceVersion "1"]
[SourceVersionDate "2020.10.23"]
[SourceQuality "1"]

1. Nf3 Nf6 2. c4 d6 3. d4 g6 4. Nc3 Bg7 5. Bf4 c6 6. e3 Bg4 7. h3 Bxf3 8. Qxf3 Nbd7 9. g4 Qb6 10. Qe2 Qa5 11. Bg2 h5 12. a3 Qb6 13. b4 hxg4 14. hxg4 Rxh1+ 15. Bxh1 e5 16. c5 Qc7 17. cxd6 Qxd6 18. dxe5 Nxe5 19. Rd1 Qe6 20. g5 Nfd7 21. Kf1 0-0-0 22. Ne4 Bf8 23. b5 c5 24. a4 b6 25. Nc3 Qc4 26. Qxc4 Nxc4 27. Ke2 Bg7 28. Nd5 Bf8 29. Bg2 Nde5 30. Rc1 Bd6 31. Bxe5 Nxe5 32. f4 Nd7 33. Kf3 Nf8 34. Nb4 Ne6 35. Nc6 Rd7 36. Bh3 Kb7 37. Rd1 a5 38. e4 Kc7 39. Bxe6 fxe6 40. e5 Bf8 41. Rh1 Rd3+ 42. Ke4 Rd7 43. Rh8 Rf7 44. Rg8 c4 45. Rxg6 c3 46. Nd4 Bc5 47. Nxe6+ Kb8 48. Kd3 Bb4 49. Rg8+ Ka7 50. g6 Rd7+ 51. Ke4 c2 52. Rc8 Bc5 53. Rxc5 bxc5 54. Nxc5 c1Q 55. Nxd7 Qc2+ 56. Kf3 Qxg6 0-1

[Event "Kampala Kireka op 4th"]
[Site "Kampala"]
[Date "2019.12.28"]
[Round "4"]
[White "Mawanda, Michael"]
[Black "Namaganda, Christine"]
[Result "1-0"]
[WhiteElo "2005"]
[BlackElo "1613"]
[PlyCount "65"]
[EventDate "2019.12.27"]
[EventType "swiss"]
[EventRounds "8"]
[EventCountry "UGA"]
[SourceTitle "EXT 2022"]
[Source "ChessBase"]
[SourceDate "2021.10.06"]
[SourceVersion "1"]
[SourceVersionDate "2021.10.06"]
[SourceQuality "1"]

1. d4 Nf6 2. Nf3 d6 3. c4 g6 4. Nc3 Bg7 5. Bf4 c6 6. e3 Bg4 7. h3 Bxf3 8. Qxf3 Nbd7 9. Bd3 a6 10. 0-0 0-0 11. Bh2 Rc8 12. Rfd1 Qb6 13. Qe2 c5 14. d5 Rfe8 15. Rab1 a5 16. b3 Qd8 17. a4 b6 18. f4 Nb8 19. e4 Nh5 20. e5 Bh6 21. Rf1 Bf8 22. g4 Ng7 23. Rbe1 e6 24. Qf2 Na6 25. Ne4 Nb4 26. Nf6+ Kh8 27. Qh4 h5 28. gxh5 Nxh5 29. Be2 Be7 30. Bxh5 Bxf6 31. exf6 gxh5 32. Qxh5+ Kg8 33. Qh6 1-0

[Event "Kampala Kireka op 4th"]
[Site "Kampala"]
[Date "2019.12.28"]
[Round "3"]
[White "Namaganda, Vivian"]
[Black "Mawanda, Michael"]
[Result "0-1"]
[WhiteElo "1379"]
[BlackElo "2005"]
[PlyCount "93"]
[EventDate "2019.12.27"]
[EventType "swiss"]
[EventRounds "8"]
[EventCountry "UGA"]
[SourceTitle "EXT 2022"]
[Source "ChessBase"]
[SourceDate "2021.10.06"]
[SourceVersion "1"]
[SourceVersionDate "2021.10.06"]
[SourceQuality "1"]

1. e4 c5 2. Nf3 Nc6 3. Bc4 e6 4. 0-0 a6 5. c3 b5 6. Bb3 Bb7 7. d3 h6 8. Bf4 d6 9. Nbd2 Nf6 10. Re1 Nh5 11. Be3 Be7 12. h3 Qc7 13. Nh2 Nf6 14. f4 0-0 15. Qf3 Rad8 16. Ng4 Nxg4 17. Qxg4 Bf6 18. Rac1 Kh7 19. Nf1 g6 20. Ng3 Ne7 21. d4 Bg7 22. f5 exf5 23. exf5 Nd5 24. Bc2 Bc8 25. fxg6+ Kg8 26. gxf7+ Qxf7 27. Qe4 Nf6 28. Qd3 c4 29. Qe2 Rde8 30. Rf1 Qe6 31. Nf5 Nd5 32. Qg4 Rxf5 33. Bxf5 Qxe3+ 34. Kh1 Nf6 35. Qg6 Bb7 36. Rfe1 Qxe1+ 37. Rxe1 Rxe1+ 38. Kh2 Re2 39. Be6+ Rxe6 40. Qc2 Be4 41. Qd2 d5 42. Qf4 Nh5 43. Qd2 Bf8 44. Qe2 Bd6+ 45. Kg1 Kg7 46. g4 Nf6 47. h4 0-1

[Event "Kampala Lighthouse op"]
[Site "Kampala"]
[Date "2019.04.12"]
[Round "3.5"]
[White "Mawanda, Michael"]
[Black "Mudangi, Isaac"]
[Result "1-0"]
[WhiteElo "1958"]
[BlackElo "1719"]
[PlyCount "67"]
[EventDate "2019.04.11"]
[EventType "swiss"]
[EventRounds "7"]
[EventCountry "UGA"]
[SourceTitle "EXT 2024"]
[Source "ChessBase"]
[SourceDate "2023.10.10"]
[SourceVersion "1"]
[SourceVersionDate "2023.10.10"]
[SourceQuality "1"]

1. Nf3 c5 2. g3 g6 3. Bg2 Bg7 4. c4 Nf6 5. Nc3 Nc6 6. d3 0-0 7. Bd2 d5 8. cxd5 Nxd5 9. Nxd5 Qxd5 10. Qc1 Nd4 11. Bh6 Bxh6 12. Qxh6 Nf5 13. Ng5 Nxh6 14. Bxd5 Rb8 15. h4 Ng4 16. h5 h6 17. Ne4 e6 18. Bb3 g5 19. f3 c4 20. dxc4 Ne3 21. Kf2 Nf5 22. Rad1 b5 23. c5 a5 24. g4 Ne7 25. Rd6 a4 26. Bc2 f5 27. gxf5 Nxf5 28. Rd2 Bb7 29. Nd6 Nxd6 30. Rxd6 Bd5 31. b3 axb3 32. Bxb3 Rf5 33. e4 Bxe4 34. Bxe6+ 1-0

[Event "UGA-chT"]
[Site "Kampala"]
[Date "2018.07.05"]
[Round "7.3"]
[White "Mawanda, Michael"]
[Black "Kimbowa, Henry"]
[Result "1/2-1/2"]
[WhiteElo "1901"]
[BlackElo "1827"]
[PlyCount "27"]
[EventDate "2018.05.24"]
[EventType "team-swiss"]
[EventRounds "14"]
[EventCountry "UGA"]
[SourceTitle "CBM 187 Extra"]
[Source "ChessBase"]
[SourceDate "2018.11.04"]
[SourceVersion "1"]
[SourceVersionDate "2018.11.04"]
[SourceQuality "1"]
[WhiteTeam "Lweza CC"]
[BlackTeam "SOM Natetete"]
[WhiteTeamCountry "UGA"]
[BlackTeamCountry "UGA"]

1. Nf3 d5 2. g3 Nc6 3. d4 Bf5 4. Bg2 h6 5. 0-0 Nf6 6. c4 e6 7. Ne5 Nxe5 8. dxe5 Ne4 9. f3 Bc5+ 10. e3 Ng5 11. h4 Nh7 12. Qa4+ c6 13. b4 Bb6 14. Rd1 1/2-1/2

[Event "UGA olympic qual 2nd"]
[Site "Kampala"]
[Date "2012.03.10"]
[Round "8"]
[White "Mawanda, Michael"]
[Black "Katula, Frobisha Paul"]
[Result "1-0"]
[WhiteElo "2000"]
[BlackElo "1950"]
[PlyCount "81"]
[EventDate "2012.03.03"]
[EventType "swiss"]
[EventRounds "8"]
[EventCountry "UGA"]
[SourceTitle "CBM 147 Extra"]
[Source "ChessBase"]
[SourceDate "2012.04.24"]
[SourceVersion "1"]
[SourceVersionDate "2012.04.24"]
[SourceQuality "1"]

1. Nf3 Nf6 2. g3 g6 3. Bg2 Bg7 4. c4 0-0 5. Nc3 d5 6. d4 Nc6 7. cxd5 Nxd5 8. 0-0 Nb6 9. e3 Re8 10. a3 e5 11. d5 Na5 12. e4 Nac4 13. a4 a5 14. b3 Nd6 15. Bg5 f6 16. Be3 Nd7 17. Rc1 Nb8 18. Qd2 Bd7 19. Rfd1 Na6 20. Ne1 b6 21. Nd3 Bf8 22. f4 Nb4 23. fxe5 Nxd3 24. Qxd3 fxe5 25. Rf1 Nf7 26. Rc2 Bd6 27. Nb1 Bc8 28. Nd2 Ba6 29. Nc4 Qd7 30. Rcf2 Re7 31. h4 b5 32. axb5 Bxb5 33. Kh2 Bb4 34. Bh3 Bxc4 35. Qxc4 Nd6 36. Bh6 Rf7 37. Rxf7 Qxf7 38. Rxf7 Nxc4 39. Be6 Kh8 40. Bg7+ Kg8 41. Rxc7# 1-0

[Event "UGA olympic qual 2nd"]
[Site "Kampala"]
[Date "2012.03.04"]
[Round "4"]
[White "Mawanda, Michael"]
[Black "Luggya, Vianney"]
[Result "0-1"]
[WhiteElo "2000"]
[BlackElo "2015"]
[PlyCount "68"]
[EventDate "2012.03.03"]
[EventType "swiss"]
[EventRounds "8"]
[EventCountry "UGA"]
[SourceTitle "CBM 147 Extra"]
[Source "ChessBase"]
[SourceDate "2012.04.24"]
[SourceVersion "1"]
[SourceVersionDate "2012.04.24"]
[SourceQuality "1"]

1. Nf3 Nf6 2. g3 g6 3. Bg2 Bg7 4. d4 d6 5. c4 0-0 6. Nc3 c5 7. dxc5 dxc5 8. Qc2 Nc6 9. 0-0 Nb4 10. Qb3 Bf5 11. e4 Nxe4 12. Nh4 Nxc3 13. Nxf5 Ne2+ 14. Kh1 gxf5 15. a3 Qd3 16. Qxd3 Nxd3 17. Bg5 Bxb2 18. Rad1 Rfd8 19. Rd2 Bc1 20. Rxd3 Bxg5 21. Rb3 Rab8 22. Re1 Nd4 23. Rxb7 Rxb7 24. Bxb7 Nc2 25. Re5 Rd1+ 26. Kg2 Rd2 27. Rxc5 Be3 28. Rxf5 Nd4 29. Re5 Bxf2 30. Kh3 Bg1 31. Rxe7 Rxh2+ 32. Kg4 h5+ 33. Kg5 Ne6+ 34. Kf5 Rf2+ 0-1

[Event "UGA-ch"]
[Site "Kampala"]
[Date "2011.12.20"]
[Round "9"]
[White "Ssegwanyi, Arthur"]
[Black "Mawanda, Michael"]
[Result "1-0"]
[WhiteElo "2116"]
[BlackElo "2000"]
[PlyCount "47"]
[EventDate "2011.12.05"]
[EventType "swiss"]
[EventRounds "10"]
[EventCountry "UGA"]
[SourceTitle "EXT 2013"]
[Source "ChessBase"]
[SourceDate "2012.11.22"]
[SourceVersion "1"]
[SourceVersionDate "2012.11.22"]
[SourceQuality "1"]

1. e4 c5 2. Nf3 d6 3. d4 cxd4 4. Nxd4 Nf6 5. Nc3 a6 6. Bg5 e6 7. f4 Qb6 8. Qd2 Nc6 9. Bxf6 gxf6 10. Nb3 Bd7 11. 0-0-0 0-0-0 12. Kb1 Kb8 13. Be2 h5 14. Rhf1 Na5 15. Nxa5 Qxa5 16. f5 Qe5 17. Qe3 Be7 18. Bxa6 bxa6 19. Qb6+ Ka8 20. Qxa6+ Kb8 21. Qb6+ Ka8 22. Nd5 exd5 23. Rf3 Qxe4 24. Rb3 1-0

[Event "UGA-ch"]
[Site "Kampala"]
[Date "2011.12.06"]
[Round "4"]
[White "Buti, Raphael"]
[Black "Mawanda, Michael"]
[Result "1-0"]
[WhiteElo "2050"]
[BlackElo "2000"]
[PlyCount "53"]
[EventDate "2011.12.05"]
[EventType "swiss"]
[EventRounds "10"]
[EventCountry "UGA"]
[SourceTitle "EXT 2013"]
[Source "ChessBase"]
[SourceDate "2012.11.22"]
[SourceVersion "1"]
[SourceVersionDate "2012.11.22"]
[SourceQuality "1"]

1. e4 c5 2. Nf3 e6 3. d4 cxd4 4. Nxd4 a6 5. c4 Qc7 6. Nc3 Nc6 7. Be3 Nf6 8. f3 Bc5 9. Nxe6 dxe6 10. Bxc5 Bd7 11. Qd2 Qa5 12. Bd6 0-0-0 13. Rb1 Be8 14. b4 Qb6 15. c5 Qa7 16. Na4 Nd7 17. b5 axb5 18. Bxb5 Qa5 19. Qxa5 Nxa5 20. Bxd7+ Kxd7 21. Rb5 Nc4 22. Rxb7+ Kc6 23. Rc7+ Kb5 24. Nc3+ Kb4 25. Be7 Rd7 26. Rxd7 Bxd7 27. c6+ 1-0